000 00593nam a2200157 a 4500
008 090204s1995 ||||||||||||||||| || u
020 _a1853393053
050 _aTD 653 Ree
100 _aReed, R. A
245 1 0 _aSustainable sewerage: guidelines for community schemes.
_cR. A. Reed
260 _aLondon:
_bIntermediate Technology Publications
_c1995
300 _axiv, 97p.: ill.
350 _a0.00
650 _aSEWERAGE
995 _D0.00
_FCBU-MAIN LIBRARY (Kitwe)
_H1
_I0.00
_M1
_UAVAILABLE
_WFeb 4, 2009
_ZMain Library Open Access Collection
999 _c59254
_d59254